00437 a2200121 4500040001300000082001100013100002400024245012000048260005800168300002400226500001900250650004600269 aDLCbDLC a297.63 aChaudhry, M. Arshad aMoments of Reverence: A collection of poems on Life and Teachings of Prophet Muhammad (P.B.U.H)cM. Arshad Chaudhry aRawalpindi: Peshawar Road,bServices Book Clubc1993. axi, 79 p. ;c24 cm. aIncludes Index a1.Islamic Poetry.2.Muhammad, Prophet d632